A quién pertenece en realidad #4 - Estadísticas

Estadísticas generales
  • Esta prueba ha sido intentada 57 veces
  • La puntuación promedio es 9 de 15
Estadísticas de respuestas
Territorio País % Correcto
Sicilia Italia
96%
Yucatán México
94%
Melilla España
88%
Islas Galápagos Ecuador
79%
Alberta Canadá
75%
Mayotte Francia
73%
Peloponeso Grecia
69%
Bonaire Países Bajos
60%
Islas Midway Estados Unidos
56%
Chukotka Rusia
48%
Célebes Indonesia
42%
Acrotiri y Dhekelia Reino Unido
38%
Acre Brasil
23%
Nueva Esparta Venezuela
23%
Kerguelen Francia
19%
No se encontraron pruebas coincidentes
Distribución de puntuación
Porcentaje de gente con cada puntuación
Porcentaje por número respondido
Historial de tus puntuaciones
No has intentado esta prueba.